[Event "SVK-chT 2122"]
[Site "Slovakia"]
[Date "2022.06.11"]
[Round "10.6"]
[White "Berta, Sandor Martin"]
[Black "Rucek, Kristian"]
[Result "1-0"]
[WhiteElo "2065"]
[BlackElo "2012"]
[PlyCount "67"]
[EventDate "2021.10.23"]
[EventType "team-tourn"]
[EventRounds "11"]
[EventCountry "SVK"]
[SourceTitle "EXT 2023"]
[Source "ChessBase"]
[SourceDate "2022.10.05"]
[SourceVersion "1"]
[SourceVersionDate "2022.10.05"]
[SourceQuality "1"]
[WhiteTeam "Cebovce"]
[BlackTeam "Dubnica nad Vahom"]
[WhiteTeamCountry "SVK"]
[BlackTeamCountry "SVK"]

1. g3 d5 2. Bg2 e5 3. d3 Nf6 4. Nf3 Bd6 5. c4 c6 6. 0-0 0-0 7. cxd5 cxd5 8. Nc3 h6 9. d4 e4 10. Ne5 Be6 11. f3 exf3 12. exf3 Nc6 13. Nxc6 bxc6 14. Be3 Qe7 15. Rc1 c5 16. Nb5 c4 17. Nxd6 Qxd6 18. Qd2 Qa6 19. Rc3 Rab8 20. b3 Rfc8 21. Bf4 Rb5 22. Rf2 Qb7 23. Bf1 Rb6 24. Be5 Nd7 25. bxc4 dxc4 26. Qc2 Rbc6 27. f4 Nb6 28. f5 Bd5 29. f6 g6 30. Qc1 Kh7 31. g4 Rg8 32. Rh3 g5 33. Rxh6+ Kxh6 34. Qc3 1-0

[Event "SVK-chT 2122"]
[Site "Slovakia"]
[Date "2022.05.07"]
[Round "7.2"]
[White "Berta, Sandor Martin"]
[Black "Karas, Marek"]
[Result "0-1"]
[WhiteElo "2065"]
[BlackElo "2287"]
[PlyCount "98"]
[EventDate "2021.10.23"]
[EventType "team-tourn"]
[EventRounds "11"]
[EventCountry "SVK"]
[SourceTitle "EXT 2023"]
[Source "ChessBase"]
[SourceDate "2022.10.05"]
[SourceVersion "1"]
[SourceVersionDate "2022.10.05"]
[SourceQuality "1"]
[WhiteTeam "Cebovce"]
[BlackTeam "Osuske"]
[WhiteTeamCountry "SVK"]
[BlackTeamCountry "SVK"]

1. g3 e5 2. Bg2 Nf6 3. e4 Nc6 4. Nc3 Bc5 5. Nge2 d6 6. h3 a6 7. 0-0 Be6 8. Nd5 Ba7 9. c3 Ne7 10. Nxe7 Qxe7 11. d4 c5 12. Be3 cxd4 13. cxd4 0-0 14. Nc3 Rfd8 15. dxe5 dxe5 16. Qe2 Bd4 17. Bxd4 exd4 18. e5 dxc3 19. exf6 Qxf6 20. bxc3 Rab8 21. Rfd1 Rdc8 22. Rac1 Qg5 23. Qd2 Qxd2 24. Rxd2 Kf8 25. h4 Rc5 26. Rd4 b5 27. a3 a5 28. Kf1 Rbc8 29. Rb1 Rxc3 30. Bd5 Rc1+ 31. Rxc1 Rxc1+ 32. Ke2 Rc3 33. Bxe6 fxe6 34. Rd8+ Ke7 35. Rb8 Rb3 36. Kd2 a4 37. Rb7+ Kf6 38. Rb8 h6 39. Rb7 g5 40. hxg5+ hxg5 41. Ke2 g4 42. Rb8 Ke5 43. Rg8 Rxa3 44. Rg5+ Kd4 45. Rxb5 Rb3 46. Rg5 Kc3 47. Rxg4 a3 48. Ra4 Kb2 49. g4 a2 0-1

[Event "SVK-chT1E 1920"]
[Site "Slovakia"]
[Date "2019.12.08"]
[Round "6.7"]
[White "Berta, Sandor Martin"]
[Black "Repasky, Karol"]
[Result "1-0"]
[WhiteElo "2063"]
[BlackElo "1811"]
[PlyCount "81"]
[EventDate "2019.10.12"]
[EventType "team-tourn"]
[EventRounds "11"]
[EventCountry "SVK"]
[SourceTitle "CBM 194 Extra"]
[Source "ChessBase"]
[SourceDate "2020.03.31"]
[SourceVersion "1"]
[SourceVersionDate "2020.03.31"]
[SourceQuality "1"]
[WhiteTeam "Cebovce"]
[BlackTeam "Kosice 1 CC"]
[WhiteTeamCountry "SVK"]
[BlackTeamCountry "SVK"]

1. e4 e5 2. Nf3 Nc6 3. d4 exd4 4. Bc4 Bb4+ 5. c3 dxc3 6. bxc3 Bd6 7. 0-0 Nge7 8. Ng5 Ne5 9. Qh5 N7g6 10. Bb3 Be7 11. f4 Bxg5 12. fxe5 Bxc1 13. Bxf7+ Ke7 14. Bxg6 Be3+ 15. Kh1 hxg6 16. Qxg6 Qg8 17. Rf3 Bh6 18. Na3 Qe6 19. Qg3 Rf8 20. Raf1 Rxf3 21. Qxf3 g6 22. Nb5 Kd8 23. Qg3 Qc4 24. Qh4+ g5 25. Qf2 Bg7 26. Qf5 Qe6 27. Qxg5+ Qe7 28. Qh5 Qe8 29. Qxe8+ Kxe8 30. Nxc7+ Ke7 31. Nxa8 Bxe5 32. Rf5 d6 33. Rh5 Be6 34. Rh7+ Bf7 35. Nc7 Bf6 36. Nd5+ Ke6 37. Rh6 Ke5 38. Nxf6 Bxa2 39. Ne8 d5 40. exd5 Bxd5 41. Rh5+ 1-0

[Event "Level op 7th"]
[Site "Level"]
[Date "2019.05.11"]
[Round "5"]
[White "Berta, Sandor Martin"]
[Black "Kiss, Laszlo"]
[Result "1/2-1/2"]
[WhiteElo "2062"]
[BlackElo "1850"]
[PlyCount "25"]
[EventDate "2019.05.10"]
[EventType "swiss"]
[EventRounds "7"]
[EventCountry "HUN"]
[SourceTitle "EXT 2021"]
[Source "ChessBase"]
[SourceDate "2020.10.23"]
[SourceVersion "1"]
[SourceVersionDate "2020.10.23"]
[SourceQuality "1"]

1. d4 Nf6 2. Bf4 d5 3. Nf3 e6 4. e3 Be7 5. h3 Nbd7 6. Nbd2 c5 7. c3 b6 8. Bb5 a6 9. Bc6 Ra7 10. Bb8 Ra8 11. Bg3 Ra7 12. Bb8 Ra8 13. Bg3 1/2-1/2

[Event "Level op 7th"]
[Site "Level"]
[Date "2019.05.10"]
[Round "2"]
[White "Horvath, Tibor"]
[Black "Berta, Sandor Martin"]
[Result "0-1"]
[WhiteElo "1855"]
[BlackElo "2062"]
[PlyCount "92"]
[EventDate "2019.05.10"]
[EventType "swiss"]
[EventRounds "7"]
[EventCountry "HUN"]
[SourceTitle "EXT 2021"]
[Source "ChessBase"]
[SourceDate "2020.10.23"]
[SourceVersion "1"]
[SourceVersionDate "2020.10.23"]
[SourceQuality "1"]

1. d4 Nf6 2. c4 g6 3. Nc3 Bg7 4. Bg5 h6 5. Bf4 d5 6. Nf3 c6 7. cxd5 Nxd5 8. Bxb8 Rxb8 9. Qa4 Nb6 10. Qb4 0-0 11. e3 Bg4 12. Be2 Bxf3 13. Bxf3 e5 14. dxe5 Bxe5 15. 0-0 Qc7 16. g3 Rbd8 17. Rad1 Kg7 18. b3 Nd7 19. Ne4 c5 20. Qc4 f5 21. Nd2 Nb6 22. Qc2 Nd5 23. Bxd5 Rxd5 24. Nc4 Rfd8 25. Rxd5 Rxd5 26. Nxe5 Qxe5 27. Rd1 b5 28. Rxd5 Qxd5 29. Qc3+ Kh7 30. Qa5 Qb7 31. Qc3 Qc7 32. Qd3 c4 33. Qc3 Qc6 34. Kf1 a5 35. a3 b4 36. axb4 axb4 37. Qxb4 c3 38. Qe7+ Kg8 39. Qd8+ Kf7 40. Qh8 c2 41. Qh7+ Kf6 42. Qh8+ Ke6 43. Qg8+ Kd7 44. Qf7+ Kc8 45. Qg8+ Kb7 46. Qg7+ Qc7 0-1

[Event "HUN-chT2 Erkel 1819"]
[Site "Hungary"]
[Date "2019.04.28"]
[Round "9.7"]
[White "Matuska, Miklos"]
[Black "Berta, Sandor Martin"]
[Result "1/2-1/2"]
[WhiteElo "2034"]
[BlackElo "2069"]
[PlyCount "47"]
[EventDate "2018.10.28"]
[EventType "team-tourn"]
[EventRounds "9"]
[EventCountry "HUN"]
[SourceTitle "EXT 2021"]
[Source "ChessBase"]
[SourceDate "2020.10.23"]
[SourceVersion "1"]
[SourceVersionDate "2020.10.23"]
[SourceQuality "1"]
[WhiteTeam "Pestszentlorinc"]
[BlackTeam "Budapest MTK II"]
[WhiteTeamCountry "HUN"]
[BlackTeamCountry "HUN"]

1. Nf3 g6 2. g3 Bg7 3. Bg2 Nf6 4. c4 0-0 5. Nc3 d6 6. d4 c6 7. 0-0 Qa5 8. Qd2 Qa6 9. b3 d5 10. Ne5 Be6 11. Nd3 Nbd7 12. cxd5 Nxd5 13. Nxd5 cxd5 14. e3 Rac8 15. Nb4 Qd6 16. a4 Nf6 17. Ba3 Ne4 18. Qb2 Qd7 19. Rac1 Ng5 20. Nd3 Bh3 21. Bxh3 Nxh3+ 22. Kg2 Ng5 23. Nf4 Rfe8 24. Rxc8 1/2-1/2

[Event "HUN-chT2 Erkel 1819"]
[Site "Hungary"]
[Date "2019.03.31"]
[Round "8.5"]
[White "Berta, Sandor Martin"]
[Black "Mozes, Ervin"]
[Result "0-1"]
[WhiteElo "2069"]
[BlackElo "2157"]
[PlyCount "116"]
[EventDate "2018.10.28"]
[EventType "team-tourn"]
[EventRounds "9"]
[EventCountry "HUN"]
[SourceTitle "EXT 2021"]
[Source "ChessBase"]
[SourceDate "2020.10.23"]
[SourceVersion "1"]
[SourceVersionDate "2020.10.23"]
[SourceQuality "1"]
[WhiteTeam "Budapest MTK II"]
[BlackTeam "Gyongyos Energia"]
[WhiteTeamCountry "HUN"]
[BlackTeamCountry "HUN"]

1. g3 e5 2. Bg2 d5 3. d3 c6 4. Nd2 f5 5. e4 Nf6 6. Ngf3 Bd6 7. 0-0 0-0 8. c3 Na6 9. Qe2 Qe7 10. h3 Nc7 11. Re1 Re8 12. b4 a5 13. Bb2 axb4 14. cxb4 Bxb4 15. Nxe5 dxe4 16. dxe4 fxe4 17. Red1 Ba3 18. Bxa3 Rxa3 19. Ndc4 Ra8 20. Bxe4 Bxh3 21. f4 Qc5+ 22. Kh2 Bg4 23. Bf3 Bxf3 24. Qxf3 Ncd5 25. Rd2 b5 26. Nb2 Ra3 27. Nbd3 Qe3 28. Qxe3 Nxe3 29. Nxc6 Nc4 30. Rdd1 Ng4+ 31. Kg1 Nge3 32. Ncb4 Nxd1 33. Rxd1 Re2 34. g4 Ne3 35. Rc1 Nc2 36. Ne5 Rxe5 37. fxe5 Nxb4 38. e6 Ra8 39. a3 Na6 40. Rc6 Kf8 41. Kf2 Ke7 42. Ke3 Ra7 43. Kd4 Nc7 44. Ke5 Rb7 45. Rd6 Ne8 46. Rd4 Rc7 47. Rd5 Nf6 48. Rxb5 Nxg4+ 49. Kf4 Nf6 50. Ke5 g6 51. a4 Ng4+ 52. Kd5 Ne3+ 53. Kd4 Nf5+ 54. Ke5 Ng7 55. Rb6 Ra7 56. Kd5 Ra5+ 57. Kc4 Rxa4+ 58. Kb3 Ra7 0-1

[Event "SVK-chT1E 1819"]
[Site "Slovakia"]
[Date "2019.01.12"]
[Round "5.7"]
[White "Gyerpal, Adrian"]
[Black "Berta, Sandor Martin"]
[Result "1/2-1/2"]
[WhiteElo "2017"]
[BlackElo "2072"]
[PlyCount "51"]
[EventDate "2018.10.27"]
[EventType "team-tourn"]
[EventRounds "11"]
[EventCountry "SVK"]
[SourceTitle "CBM 188 Extra"]
[Source "ChessBase"]
[SourceDate "2019.02.26"]
[SourceVersion "1"]
[SourceVersionDate "2019.02.26"]
[SourceQuality "1"]
[WhiteTeam "Banska Bystrica Junior"]
[BlackTeam "Cebovce"]
[WhiteTeamCountry "SVK"]
[BlackTeamCountry "SVK"]

1. d4 Nf6 2. c4 g6 3. Nf3 Bg7 4. g3 0-0 5. Bg2 d6 6. 0-0 c6 7. Nc3 Qa5 8. e4 Qh5 9. Ng5 Qxd1 10. Rxd1 e5 11. d5 Rd8 12. dxc6 bxc6 13. c5 Ne8 14. Be3 h6 15. Nf3 Be6 16. cxd6 Rxd6 17. Bc5 Rxd1+ 18. Rxd1 Nd7 19. Be3 Nb6 20. b3 Rc8 21. Bf1 Bg4 22. Kg2 Nc7 23. h3 Bxf3+ 24. Kxf3 Ne6 25. Ba6 Rc7 26. Kg2 1/2-1/2

[Event "HUN-chT2 Erkel 1819"]
[Site "Hungary"]
[Date "2018.11.18"]
[Round "2.6"]
[White "Kis, Jozsef"]
[Black "Berta, Sandor Martin"]
[Result "1/2-1/2"]
[WhiteElo "2017"]
[BlackElo "2069"]
[PlyCount "105"]
[EventDate "2018.10.28"]
[EventType "team-tourn"]
[EventRounds "9"]
[EventCountry "HUN"]
[SourceTitle "EXT 2021"]
[Source "ChessBase"]
[SourceDate "2020.10.23"]
[SourceVersion "1"]
[SourceVersionDate "2020.10.23"]
[SourceQuality "1"]
[WhiteTeam "Andornaktalya"]
[BlackTeam "Budapest MTK II"]
[WhiteTeamCountry "HUN"]
[BlackTeamCountry "HUN"]

1. e4 g6 2. d4 Bg7 3. Nc3 d5 4. Nxd5 c6 5. Nc3 Qxd4 6. Qxd4 Bxd4 7. Nge2 Bg7 8. Be3 Nf6 9. f3 Nbd7 10. Nd4 Ne5 11. Be2 h5 12. h3 Ned7 13. 0-0-0 h4 14. Rhe1 Nh5 15. Kb1 Be5 16. Bc4 Nf4 17. Rg1 Nf8 18. Nce2 g5 19. Nxf4 gxf4 20. Bf2 Rh5 21. Rge1 e6 22. c3 Bf6 23. Rd2 e5 24. Nb3 b6 25. Rd6 Be7 26. Rd2 Be6 27. Bxe6 Nxe6 28. a4 Rd8 29. Red1 Rxd2 30. Rxd2 Rh6 31. a5 c5 32. axb6 axb6 33. Nc1 Rg6 34. Be1 Ng7 35. Nd3 Re6 36. Nf2 f5 37. Re2 fxe4 38. Nxe4 Nf5 39. Bf2 Rg6 40. Bg1 Kd7 41. b3 Kc6 42. Kb2 Rg7 43. Kc2 Bf8 44. Kd3 Ra7 45. Nd2 Bg7 46. Bf2 Bf6 47. Nc4 Re7 48. Ke4 Nd6+ 49. Nxd6 Kxd6 50. Kf5 Rf7 51. Rd2+ Kc7 52. Ke4 Kc6 53. c4 1/2-1/2

[Event "HUN-chT 1718"]
[Site "Hungary"]
[Date "2018.01.28"]
[Round "5.8"]
[White "Berta, Sandor Martin"]
[Black "Hando, Vilmos"]
[Result "1-0"]
[WhiteElo "2122"]
[BlackElo "2400"]
[PlyCount "55"]
[EventDate "2017.11.25"]
[EventType "team-tourn"]
[EventRounds "9"]
[EventCountry "HUN"]
[SourceTitle "EXT 2019"]
[Source "ChessBase"]
[SourceDate "2018.10.10"]
[SourceVersion "1"]
[SourceVersionDate "2018.10.10"]
[SourceQuality "1"]
[WhiteTeam "Budapest MTK"]
[BlackTeam "DVTK"]
[WhiteTeamCountry "HUN"]
[BlackTeamCountry "HUN"]

1. d4 Nf6 2. Bf4 g6 3. Nf3 Bg7 4. e3 b6 5. Be2 Bb7 6. 0-0 Nh5 7. Bg5 h6 8. Bh4 d6 9. h3 Nd7 10. Nfd2 Bf6 11. Bxf6 Ndxf6 12. c4 0-0 13. Nc3 e5 14. Bf3 Qc8 15. d5 Ng7 16. Be2 Qd8 17. f4 Qe7 18. fxe5 Qxe5 19. e4 Rae8 20. Nf3 Qg3 21. Bd3 Ngh5 22. Ne2 Nxe4 23. Nxg3 Nexg3 24. Re1 c6 25. Qd2 cxd5 26. Rxe8 Rxe8 27. Re1 Rxe1+ 28. Nxe1 1-0

[Event "HUN-chT 1718"]
[Site "Hungary"]
[Date "2017.12.17"]
[Round "4.8"]
[White "Fogarasi, Tibor"]
[Black "Berta, Sandor Martin"]
[Result "1/2-1/2"]
[WhiteElo "2378"]
[BlackElo "2122"]
[PlyCount "88"]
[EventDate "2017.11.25"]
[EventType "team-tourn"]
[EventRounds "9"]
[EventCountry "HUN"]
[SourceTitle "EXT 2019"]
[Source "ChessBase"]
[SourceDate "2018.10.10"]
[SourceVersion "1"]
[SourceVersionDate "2018.10.10"]
[SourceQuality "1"]
[WhiteTeam "Penzugyor"]
[BlackTeam "Budapest MTK"]
[WhiteTeamCountry "HUN"]
[BlackTeamCountry "HUN"]

1. e4 g6 2. d4 Bg7 3. Nc3 d5 4. exd5 Nf6 5. Bc4 Nbd7 6. Nf3 0-0 7. 0-0 Nb6 8. Bb3 a5 9. a4 Nbxd5 10. Nxd5 Nxd5 11. c3 c6 12. Re1 Re8 13. h3 h6 14. Ne5 Rf8 15. h4 Qd6 16. h5 g5 17. c4 Nc7 18. c5 Qf6 19. Ng4 Bxg4 20. Qxg4 Qxd4 21. Qxd4 Bxd4 22. Rxe7 Na6 23. Be3 Bxc5 24. Rxb7 Bxe3 25. fxe3 Nc5 26. Rb6 Rab8 27. Rxb8 Rxb8 28. Bc4 Rb4 29. Bf1 Rxb2 30. Rc1 Ne4 31. Bd3 Nf2 32. Bf5 Rd2 33. Rxc6 Nd1 34. e4 Kg7 35. Rc5 Ne3 36. g4 Ng2 37. e5 Nh4 38. Rxa5 Nf3+ 39. Kf1 Nh2+ 40. Ke1 Nf3+ 41. Kf1 Nh2+ 42. Ke1 Nf3+ 43. Kf1 Nh2+ 44. Ke1 Nf3+ 1/2-1/2

[Event "HUN-chT 1718"]
[Site "Hungary"]
[Date "2017.12.03"]
[Round "3.8"]
[White "Berta, Sandor Martin"]
[Black "Toth, Ervin"]
[Result "0-1"]
[WhiteElo "2122"]
[BlackElo "2449"]
[PlyCount "52"]
[EventDate "2017.11.25"]
[EventType "team-tourn"]
[EventRounds "9"]
[EventCountry "HUN"]
[SourceTitle "EXT 2019"]
[Source "ChessBase"]
[SourceDate "2018.10.10"]
[SourceVersion "1"]
[SourceVersionDate "2018.10.10"]
[SourceQuality "1"]
[WhiteTeam "Budapest MTK"]
[BlackTeam "Kobanya Aquarena"]
[WhiteTeamCountry "HUN"]
[BlackTeamCountry "HUN"]

1. d4 d6 2. e4 g6 3. Nf3 Bg7 4. c3 Nf6 5. Bd3 0-0 6. Bf4 Nc6 7. 0-0 Nh5 8. Bg5 h6 9. Be3 e5 10. Qd2 Kh7 11. dxe5 dxe5 12. Bc5 Re8 13. Bb5 Qf6 14. Qe3 a6 15. Ba4 Nf4 16. Nbd2 h5 17. Bc2 b6 18. Ba3 Bh6 19. Qe1 Bg4 20. h3 Nxh3+ 21. Kh2 Rad8 22. Bd1 Nf4 23. Nc4 Rxd1 24. Qxd1 Rd8 25. Ncd2 Nxg2 26. Rg1 Nh4 0-1

[Event "Budapest Sarkany IM 7th"]
[Site "Budapest"]
[Date "2016.08.28"]
[Round "9"]
[White "Berta, Sandor Martin"]
[Black "Zentai, Peter1111"]
[Result "1/2-1/2"]
[WhiteElo "2229"]
[BlackElo "2225"]
[PlyCount "89"]
[EventDate "2016.08.19"]
[EventType "tourn"]
[EventRounds "9"]
[EventCountry "HUN"]
[EventCategory "3"]
[SourceTitle "CBM 174 Extra"]
[Source "ChessBase"]
[SourceDate "2016.10.10"]
[SourceVersion "1"]
[SourceVersionDate "2016.10.10"]
[SourceQuality "1"]

1. g3 d5 2. Bg2 Nf6 3. d3 e5 4. Nf3 Bd6 5. Nbd2 c6 6. e4 0-0 7. 0-0 Re8 8. h3 Qc7 9. Nh4 dxe4 10. dxe4 Be6 11. Qe2 Nbd7 12. Nc4 Bc5 13. Ne3 Nf8 14. Kh1 Ng6 15. Nhf5 Ne7 16. Nh4 Ng6 17. Nhf5 Ne7 18. g4 Ng6 19. g5 Nf4 20. Qf3 N6h5 21. Ng4 Bxf5 22. exf5 e4 23. Qc3 Bf8 24. b3 Nxg2 25. Kxg2 Nf4+ 26. Kh1 Ne2 27. Qe3 Nxc1 28. Raxc1 Qa5 29. Qf4 Qc3 30. Qe3 Qxe3 31. fxe3 Rad8 32. Rcd1 Bc5 33. Kg2 Kf8 34. Kf2 Ke7 35. f6+ Kf8 36. Ke2 Bb6 37. Rxd8 Rxd8 38. Rf4 Rd5 39. h4 Bd8 40. Rxe4 gxf6 41. gxf6 h5 42. c4 Rf5 43. Ne5 Bxf6 44. Nd7+ Kg7 45. Nxf6 1/2-1/2

[Event "Budapest Sarkany IM 7th"]
[Site "Budapest"]
[Date "2016.08.27"]
[Round "8"]
[White "Balint, Vilmos"]
[Black "Berta, Sandor Martin"]
[Result "1-0"]
[WhiteElo "2369"]
[BlackElo "2229"]
[PlyCount "77"]
[EventDate "2016.08.19"]
[EventType "tourn"]
[EventRounds "9"]
[EventCountry "HUN"]
[EventCategory "3"]
[SourceTitle "CBM 174 Extra"]
[Source "ChessBase"]
[SourceDate "2016.10.10"]
[SourceVersion "1"]
[SourceVersionDate "2016.10.10"]
[SourceQuality "1"]

1. e4 c5 2. Nf3 Nc6 3. d4 cxd4 4. Nxd4 Qc7 5. Nc3 e6 6. g3 a6 7. Bg2 Nf6 8. Be3 Bb4 9. Nde2 0-0 10. a3 Be7 11. 0-0 b5 12. a4 b4 13. Nd5 exd5 14. exd5 Ne5 15. d6 Bxd6 16. Bxa8 Bb7 17. Bxb7 Qxb7 18. Nd4 Bc5 19. f3 Nc4 20. Bf2 Nxb2 21. Qc1 Nc4 22. Qg5 Bxd4 23. Bxd4 h6 24. Qf4 Nd5 25. Qg4 g6 26. Rae1 Rc8 27. Rf2 Kh7 28. Qe4 a5 29. Ba1 Qc6 30. Qd4 f6 31. Rd1 Nce3 32. Rd3 Re8 33. h4 Qxa4 34. h5 Qa2 35. hxg6+ Kxg6 36. Kh2 Re5 37. g4 Qb1 38. Rxe3 Nxe3 39. Qd3+ 1-0

[Event "Budapest Sarkany IM 7th"]
[Site "Budapest"]
[Date "2016.08.26"]
[Round "7"]
[White "Berta, Sandor Martin"]
[Black "Wenninger, Philipp"]
[Result "0-1"]
[WhiteElo "2229"]
[BlackElo "2356"]
[PlyCount "60"]
[EventDate "2016.08.19"]
[EventType "tourn"]
[EventRounds "9"]
[EventCountry "HUN"]
[EventCategory "3"]
[SourceTitle "CBM 174 Extra"]
[Source "ChessBase"]
[SourceDate "2016.10.10"]
[SourceVersion "1"]
[SourceVersionDate "2016.10.10"]
[SourceQuality "1"]

1. e4 c6 2. d4 d5 3. e5 Bf5 4. h4 h5 5. c4 e6 6. Nc3 Ne7 7. Nge2 Nd7 8. Ng3 Bg6 9. Bg5 Qb6 10. Qd2 f6 11. exf6 gxf6 12. Be3 0-0-0 13. cxd5 Nxd5 14. Nxd5 cxd5 15. Rc1+ Kb8 16. a3 Bd6 17. Ne2 Rc8 18. Nc3 Rhg8 19. Be2 Ka8 20. 0-0 Bb8 21. Bf3 Bf5 22. Ne2 Qd6 23. Bf4 e5 24. Bh2 Rcd8 25. Kh1 Nb6 26. Rc5 Qd7 27. Nc3 e4 28. Be2 Bxh2 29. Kxh2 Rxg2+ 30. Kxg2 Qg7+ 0-1

[Event "Budapest Sarkany IM 7th"]
[Site "Budapest"]
[Date "2016.08.24"]
[Round "5"]
[White "Tompa, Janos"]
[Black "Berta, Sandor Martin"]
[Result "1-0"]
[WhiteElo "2380"]
[BlackElo "2229"]
[PlyCount "99"]
[EventDate "2016.08.19"]
[EventType "tourn"]
[EventRounds "9"]
[EventCountry "HUN"]
[EventCategory "3"]
[SourceTitle "CBM 174 Extra"]
[Source "ChessBase"]
[SourceDate "2016.10.10"]
[SourceVersion "1"]
[SourceVersionDate "2016.10.10"]
[SourceQuality "1"]

1. e4 c6 2. Nc3 d5 3. Nf3 Nf6 4. e5 Ne4 5. Qe2 Nxc3 6. dxc3 e6 7. Bf4 Be7 8. h4 Qb6 9. 0-0-0 Qa5 10. Kb1 b5 11. Nd4 b4 12. cxb4 Qxb4 13. Qg4 Bd7 14. Qxg7 Rf8 15. Bg5 c5 16. Bxe7 Kxe7 17. Qg5+ Ke8 18. Nf3 Nc6 19. Qd2 Qb6 20. c3 Rb8 21. Ka1 Rg8 22. Ng5 Nxe5 23. Nxh7 Ke7 24. Rb1 Rg4 25. b3 Qa5 26. f3 Rg7 27. b4 Qc7 28. Ng5 cxb4 29. cxb4 a5 30. b5 Qc5 31. Rc1 Qa3 32. Qc3 Qxc3+ 33. Rxc3 f6 34. Nh3 d4 35. Rc1 a4 36. Rb1 Kd6 37. Nf4 Nf7 38. g4 e5 39. Nh5 Rg6 40. Ng3 Rh6 41. Bd3 Kc5 42. Ne4+ Kb6 43. Rb4 Ka5 44. a3 Bxb5 45. Rh2 Nd8 46. Rhb2 Bxd3 47. Rxb8 Rxh4 48. Ra8+ Ba6 49. Nc5 Rh1+ 50. Ka2 1-0

[Event "Budapest Duna op"]
[Site "Budapest"]
[Date "2015.10.01"]
[Round "9"]
[White "Berta, Sandor Martin"]
[Black "Havanecz, Bianka"]
[Result "0-1"]
[WhiteElo "2051"]
[BlackElo "2252"]
[PlyCount "116"]
[EventDate "2015.09.23"]
[EventType "swiss"]
[EventRounds "9"]
[EventCountry "HUN"]
[SourceTitle "CBM 168 Extra"]
[Source "ChessBase"]
[SourceDate "2015.10.29"]
[SourceVersion "1"]
[SourceVersionDate "2015.10.29"]
[SourceQuality "1"]

1. e4 e5 2. Bc4 Nc6 3. Nf3 Bc5 4. c3 Nf6 5. d3 a6 6. Bb3 0-0 7. Nbd2 Ba7 8. h3 d5 9. Qe2 dxe4 10. dxe4 Qe7 11. Nf1 Be6 12. g4 Bxb3 13. axb3 Qe6 14. b4 Ne7 15. Ng3 Ng6 16. g5 Ne8 17. Be3 Nd6 18. Ra5 Nc4 19. Rd5 Nxe3 20. fxe3 c6 21. Rd2 Rad8 22. Nf5 Ne7 23. N3h4 Bb6 24. Rf1 Rxd2 25. Qxd2 Rd8 26. Qe2 Ng6 27. Nf3 c5 28. bxc5 Bxc5 29. b4 Bf8 30. Rf2 Ne7 31. Nh2 Qc6 32. Qc2 Rc8 33. Ng4 Nxf5 34. Rxf5 Bxb4 35. Nxe5 Bxc3+ 36. Ke2 Bxe5 37. Qxc6 Rxc6 38. Rxe5 Kf8 39. Kd3 h6 40. gxh6 Rxh6 41. Rc5 Rd6+ 42. Ke2 Ke7 43. h4 g6 44. Kf3 Kd7 45. Kf4 b5 46. e5 Rb6 47. Rd5+ Ke6 48. h5 gxh5 49. Rd8 b4 50. Rh8 Ke7 51. Rh7 b3 52. e6 Rxe6 53. Rxh5 b2 54. Rh1 Rb6 55. Rb1 a5 56. Ke4 a4 57. Kd3 a3 58. Kc2 Ke6 0-1

[Event "Budapest Duna op"]
[Site "Budapest"]
[Date "2015.09.26"]
[Round "4"]
[White "Berta, Sandor Martin"]
[Black "Boguszlavszkij, Jevgenyij"]
[Result "1/2-1/2"]
[WhiteElo "2051"]
[BlackElo "2204"]
[PlyCount "109"]
[EventDate "2015.09.23"]
[EventType "swiss"]
[EventRounds "9"]
[EventCountry "HUN"]
[SourceTitle "CBM 168 Extra"]
[Source "ChessBase"]
[SourceDate "2015.10.29"]
[SourceVersion "1"]
[SourceVersionDate "2015.10.29"]
[SourceQuality "1"]

1. g3 g6 2. Bg2 Bg7 3. Nf3 e5 4. d3 Ne7 5. c4 d5 6. cxd5 Nxd5 7. Nc3 Ne7 8. 0-0 0-0 9. Bd2 Nbc6 10. Rc1 Nd4 11. Ne4 a5 12. Nc5 Ra7 13. Nb3 Nxf3+ 14. Bxf3 b6 15. Na1 c5 16. Bg2 Bb7 17. Bxb7 Rxb7 18. Qb3 Qd7 19. Rfd1 Kh8 20. Nc2 f5 21. f4 exf4 22. Bxf4 Qd5 23. Qb5 Rd8 24. a3 h6 25. h4 Kh7 26. Rd2 Qd7 27. Qxd7 Rbxd7 28. Ne3 Bf6 29. Nc4 Nd5 30. Rdc2 Re8 31. Rd1 Nxf4 32. gxf4 Re6 33. h5 gxh5 34. a4 Bd4+ 35. Kh1 Rg7 36. Re1 Be3 37. Rf1 Rg4 38. Nxe3 Rxe3 39. Kh2 Rh4+ 40. Kg2 Rg4+ 41. Kh2 h4 42. Rd2 Kg6 43. Rf2 h3 44. b3 Reg3 45. d4 Rg2+ 46. Rxg2 hxg2 47. Kg1 cxd4 48. Rxd4 Kh5 49. Rd6 Rxf4 50. Rxb6 Re4 51. Kxg2 Rxe2+ 52. Kf3 Rc2 53. Kf4 Rf2+ 54. Kg3 Rb2 55. Kf4 1/2-1/2

[Event "Budapest Duna op"]
[Site "Budapest"]
[Date "2015.09.23"]
[Round "1"]
[White "Berta, Sandor Martin"]
[Black "Bodi, Tibor"]
[Result "1/2-1/2"]
[WhiteElo "2051"]
[BlackElo "2261"]
[PlyCount "93"]
[EventDate "2015.09.23"]
[EventType "swiss"]
[EventRounds "9"]
[EventCountry "HUN"]
[SourceTitle "CBM 168 Extra"]
[Source "ChessBase"]
[SourceDate "2015.10.29"]
[SourceVersion "1"]
[SourceVersionDate "2015.10.29"]
[SourceQuality "1"]

1. Nf3 d5 2. g3 Nf6 3. Bg2 Bf5 4. d3 e6 5. 0-0 h6 6. Nbd2 Nbd7 7. Re1 Bc5 8. e4 dxe4 9. dxe4 Bh7 10. h3 e5 11. Nh4 0-0 12. Nf5 Bxf5 13. exf5 c6 14. Nc4 Qc7 15. Be3 Bxe3 16. Rxe3 Rfe8 17. Qd6 Rac8 18. Rae1 Nb6 19. Qxc7 Rxc7 20. Nxb6 axb6 21. Rxe5 Rxe5 22. Rxe5 Kf8 23. Kf1 Re7 24. Rxe7 Kxe7 25. Ke2 Kd6 26. Ke3 Nd7 27. Kd4 f6 28. f4 Nc5 29. h4 Nd7 30. Bf3 Nc5 31. a3 Na6 32. c4 Nc7 33. Be4 Na6 34. Bf3 Nc7 35. Be4 Na6 36. g4 Nb8 37. Bf3 Nd7 38. b4 Ke7 39. Be4 Kd6 40. Bf3 Ke7 41. c5 bxc5+ 42. bxc5 Kd8 43. a4 Kc7 44. a5 Nb8 45. Be2 Kd7 46. Bc4 Na6 47. Bxa6 1/2-1/2

[Event "HUN-chT U18"]
[Site "Budapest"]
[Date "2015.08.30"]
[Round "8.2"]
[White "Berta, Sandor Martin"]
[Black "Kaczur, Florian"]
[Result "0-1"]
[WhiteElo "2121"]
[BlackElo "2345"]
[PlyCount "90"]
[EventDate "2015.08.26"]
[EventType "team-swiss"]
[EventRounds "8"]
[EventCountry "HUN"]
[SourceTitle "EXT 2016"]
[Source "ChessBase"]
[SourceDate "2015.10.08"]
[SourceVersion "1"]
[SourceVersionDate "2015.10.08"]
[SourceQuality "1"]

1. e4 e5 2. Nf3 Nc6 3. Bc4 Bc5 4. c3 Nf6 5. d3 d6 6. h3 a6 7. Bb3 Ba7 8. Nbd2 0-0 9. Nf1 Ne7 10. Ng3 Ng6 11. 0-0 Bd7 12. Bg5 h6 13. Be3 c5 14. Qd2 Kh7 15. Nf5 Bxf5 16. exf5 Ne7 17. g4 Nfd5 18. Qe2 Qd7 19. Nd2 Rae8 20. Qf3 Qc6 21. Rae1 b5 22. h4 f6 23. a3 Bb8 24. Qg2 Nc7 25. Qxc6 Nxc6 26. Ne4 Rd8 27. f4 c4 28. dxc4 Na5 29. Ba2 Nxc4 30. Bxc4 bxc4 31. Bb6 exf4 32. Rd1 Rd7 33. Nc5 Re7 34. Rxd6 Re2 35. Rd7 Rc8 36. Rf2 Re1+ 37. Rf1 Re3 38. Rf2 Na8 39. Na4 Nxb6 40. Nxb6 Rce8 41. Nd5 Rg3+ 42. Kf1 Be5 43. Re2 Rb8 44. Rg2 Rd3 45. a4 Rd1+ 0-1